000 00850 a2200277 4500
003 CBULib
005 20250304084720.0
008 241203b |||||||| |||| 00| 0 eng d
020 _a9780323546010
040 _bEnglish
_cCBULib
_erda
041 _aeng
050 _aSF 767. D6 Her
100 _aHermanson, John W.
245 _aMiller and Evan's anatomy of the dog
_c/ by John W. Hermanson; Alexander de Lahunta and Howard E. Evans
250 _aFifth edition
260 _bElsevier,
_c2020
_aMissouri :
300 _axxi, 981 pages : illustrations
336 _2rdacontent
_aText |
_btxt
337 _2rdamedia
_aUnmediated |
_bn
338 _2rdacarrier
_aVolume
_bnc
650 0 _94066
_aDOGS
650 0 _94067
_aANATOMY OF THE DOG
700 _94068
_aLahunta, Alexander de
700 _94069
_aEvans, Howard E
942 _2lcc
_c002
999 _c85808
_d85808